Pelaajat, joilla on eniten otteluita Suomen jalkapallomaajoukkueessa - Statistics

Yleistilastot
  • Tätä visaa on pelattu 657 kertaa
    500 viimeisimmän päivityksen jälkeen
  • Keskiarvotulos 8 / 18
Vastaustilastot
Ottelut Vuodet Pelaaja % Oikein
137 1989-2010 Jari Litmanen
97%
125 2009- Teemu Pukki
97%
105 1992-2010 Sami Hyypiä
81%
98 2010- Lukas Hradecký
70%
79 2012- Joel Pohjanpalo
61%
87 1999-2014 Mikael Forssell
53%
84 2009-2021 Tim Sparv
42%
75 2013- Robin Lod
39%
78 2011-2021 Joona Toivio
35%
105 1996-2010 Jonatan Johansson
34%
76 1999-2009 Hannu Tiihinen
29%
76 2000-2013 Petri Pasanen
29%
98 1994-2010 Joonas Kolkka
27%
100 1983-1996 Ari Hjelm
24%
79 2013- Rasmus Schüller
20%
77 1964-1981 Arto Tolsa
10%
84 1983-1994 Erkka Petäjä
6%
75 1997-2009 Toni Kuivasto
5%
Ehtoja vastaavia visoja ei löytynyt
Tulosjakauma
Jokaisen tuloksen saaneiden osuus
Persentiili vastausten määrän mukaan
Tuloshistoriasi
Et ole pelannut tätä visaa sen viimeisimmän päivityksen jälkeen